MARC

LEADER 00000nam a2200000Ia 4500
001 12659
008 160829s1995 xx 000 0 cat d
080 |a B-1-148 
100 |a Giralt i Font, Carme  |9 34825 
245 |a El Retaule de la Puríssima Concepció de Pujalt / per Carme Girant i Font 
260 |a Pujalt :  |b Ajuntament de Pujalt,  |c 1995 
300 |a 111 p. :  |b  il., col. ;  |c 22 cm 
590 |a Amb la col·laboració de Diputació de Barcelona. Centre d'Estudis i Recursos Culturals 
650 |a Capella de la Puríssima (Pujalt)   |9 34826 
650 |a Retaules barrocs  |x Pujalt   |9 34827 
650 |a Retaules catalans  |x Pujalt  |9 34828 
710 1 |a Barcelona (Catalunya : Província).  |b Centre d'Estudis i Recursos Culturals  |9 52487 
710 1 |a Pujalt (Catalunya).  |b Ajuntament  |9 55508 
901 |a Arxiu 
942 |n 1 
952 |0 0  |1 0  |4 0  |6 B1148  |7 1  |9 46654  |a Arxiu  |b Arxiu  |d 2016-12-01  |l 0  |o B-1-148  |p 12659  |r 2016-12-01 00:00:00  |w 2016-12-01  |y ARXIU 
999 |c 50447  |d 50447